| 000 | 01149nam a2200253Ia 4500 | ||
|---|---|---|---|
| 001 | 23752 | ||
| 003 | GE_BSU | ||
| 008 | 181216s||||||||xx |||||||||||||| ||und|| | ||
| 020 | _a5520001626 | ||
| 040 | _cGE_BSU | ||
| 080 | _a94(3-11)(075.8) | ||
| 245 | _aძველი აღმოსავლეთის ხალხთა ისტორია | ||
| 245 | _cრედ.: გ. მელიქიშვილი. მხატვ. გ. ლომიძე | ||
| 250 | _aმეორე გად. გამოც.;საქ. სსრ მეცნ. აკად., ისტორიის, არქეოლოგიისა და ეთნოგრაფიის ინ-ტი | ||
| 260 | _aთბილისი | ||
| 260 | _bმეცნიერება | ||
| 260 | _c1988 | ||
| 300 | _a497 გვ. : 26 ფ. ილ. ; 22 სმ. | ||
| 300 | _eბიბლიოგრ.: გვ. 483-490. | ||
| 541 | _h11ლ. 80თ. | ||
| 653 | _aძველი აღმოსავლეთის ისტორია | ||
| 653 | _aძველი აღმოსავლეთის ხალხთა ისტორია | ||
| 942 | _cBK | ||
| 999 |
_c56631 _d56631 |
||